| 000 | 00409nam a2200133Ia 4500 | ||
|---|---|---|---|
| 008 | 170516s9999 xx 000 0 und d | ||
| 245 | _aSpinal and sacroiliac gouty arthritis: report of a case and review of the literature | ||
| 260 | _bActa Radiologica Open | ||
| 260 | _c2014 | ||
| 300 | _a3:8 | ||
| 650 | _xRadiologic Technology | ||
| 650 | _xRadtech | ||
| 856 | _uhttp://journals.sagepub.com/toc/arra/3/8 | ||
| 999 |
_c332833 _d332833 |
||